MARC details
| 000 -CABECERA |
| campo de control de longitud fija |
00950nam a2200265 a 4500 |
| 003 - IDENTIFICADOR DEL NÚMERO DE CONTROL |
| campo de control |
DO-SdBNP |
| 005 - FECHA Y HORA DE LA ÚLTIMA TRANSACCIÓN |
| campo de control |
20220322132901.0 |
| 007 - CAMPO FIJO DE DESCRIPCIÓN FÍSICA--INFORMACIÓN GENERAL |
| campo de control de longitud fija |
ta |
| 008 - DATOS DE LONGITUD FIJA--INFORMACIÓN GENERAL |
| campo de control de longitud fija |
210716e2018 dr oc|er|||| 001 hdspa d |
| 020 ## - NÚMERO INTERNACIONAL ESTÁNDAR DEL LIBRO |
| Número Internacional Estándar del Libro |
9789945481945 |
| 040 ## - FUENTE DE LA CATALOGACIÓN |
| Centro catalogador/agencia de origen |
DO-SdBNP |
| Lengua de catalogación |
spa |
| Centro/agencia transcriptor |
BNPHU |
| 041 ## - CÓDIGO DE LENGUA |
| Código de lengua original |
spa |
| 082 #4 - NÚMERO DE LA CLASIFICACIÓN DECIMAL DEWEY |
| Número de documento/Ítem |
S718a |
| Número de edición |
22 |
| 100 1# - ENTRADA PRINCIPAL--NOMBRE DE PERSONA |
| 9 (RLIN) |
55167 |
| Nombre de persona |
Soto Tejeda, Marcos, |
| Fechas asociadas al nombre |
1939- |
| 245 10 - MENCIÓN DE TÍTULO |
| Título |
Anecdotario ocoeño y apuntes genealógicos de familias ocoeñas / |
| Mención de responsabilidad, etc. |
Marcos Soto Tejeda; Ilustraciones, Stephanie Morel; Prólogo, Alexis Read Ortiz. |
| 260 ## - PUBLICACIÓN, DISTRIBUCIÓN, ETC. |
| Lugar de publicación, distribución, etc. |
Santo Domingo: |
| Nombre del editor, distribuidor, etc. |
Centenario, |
| Fecha de publicación, distribución, etc. |
22018 |
| 300 ## - DESCRIPCIÓN FÍSICA |
| Extensión |
405 p. : |
| Otras características físicas |
il., fotogr., retr. ; |
| Dimensiones |
21 cm |
| 590 ## - NOTA LOCAL (RLIN) |
| Nota local |
Inventariado 2021 / MF |
| 650 #4 - PUNTO DE ACCESO ADICIONAL DE MATERIA--TÉRMINO DE MATERIA |
| 9 (RLIN) |
28799 |
| Término de materia o nombre geográfico como elemento de entrada |
Anécdotas dominicanas |
| 650 #4 - PUNTO DE ACCESO ADICIONAL DE MATERIA--TÉRMINO DE MATERIA |
| 9 (RLIN) |
76626 |
| Término de materia o nombre geográfico como elemento de entrada |
Anécdotas, chistes, sátiras, etc. |
| Subdivisión de forma |
|
| Subdivisión geográfica |
San José de Ocoa (República Dominicana) |
| 700 1# - PUNTO DE ACCESO ADICIONAL--NOMBRE DE PERSONA |
| Nombre de persona |
Morel, Stephanie |
| Término indicativo de función/relación |
il. |
| 9 (RLIN) |
79257 |
| 700 1# - PUNTO DE ACCESO ADICIONAL--NOMBRE DE PERSONA |
| Nombre de persona |
Ortíz Read, Manuel Alexis |
| 9 (RLIN) |
65695 |
| Término indicativo de función/relación |
pról. |
| 910 ## - DATOS DE OPCIÓN DEL USUARIO (OCLC) |
| Datos de opción del usuario |
MFeliz |
| 942 ## - ELEMENTOS DE PUNTO DE ACCESO ADICIONAL (KOHA) |
| Fuente del sistema de clasificación o colocación |
Dewey Decimal Classification |
| Tipo de ítem Koha |
Libro |